Paite-english parallel New Testament with Psalms & Proverbs (Record no. 668)

MARC details
000 -LEADER
fixed length control field 00504nam a22001697a 4500
003 - CONTROL NUMBER IDENTIFIER
control field GBCCL
005 - DATE AND TIME OF LATEST TRANSACTION
control field 20251202134857.0
008 - FIXED-LENGTH DATA ELEMENTS--GENERAL INFORMATION
fixed length control field 170301b xxu||||| |||| 00| 0 eng d
040 ## - CATALOGING SOURCE
Transcribing agency gbc
082 ## - DEWEY DECIMAL CLASSIFICATION NUMBER
Classification number REF
-- 225.5954
Item number PAI 1
245 ## - TITLE STATEMENT
Title Paite-english parallel New Testament with Psalms & Proverbs
260 ## - PUBLICATION, DISTRIBUTION, ETC.
Place of publication, distribution, etc. Colorado springs, Colorado, USA :
Name of publisher, distributor, etc. Bibles for the world,
Date of publication, distribution, etc. c2016.
300 ## - PHYSICAL DESCRIPTION
Extent 807p.;
Accompanying material maps.
630 ## - SUBJECT ADDED ENTRY--UNIFORM TITLE
Uniform title Bible- N.T.
9 (RLIN) 707
630 ## - SUBJECT ADDED ENTRY--UNIFORM TITLE
Uniform title Parallel Bible- Paite-English
9 (RLIN) 708
942 ## - ADDED ENTRY ELEMENTS (KOHA)
Source of classification or shelving scheme Dewey Decimal Classification
Koha item type Reference Books
Holdings
Withdrawn status Lost status Source of classification or shelving scheme Damaged status Not for loan Home library Current Library Shelving location Date acquired Total checkouts Full call number Barcode Date last seen Copy number Price effective from Koha item type
    Dewey Decimal Classification     GRACE BIBLE COLLEGE GRACE BIBLE COLLEGE Bible 2017-03-01   225.5954 PAI 014110 2025-05-01 c.1 2017-03-01 Reference Books
    Dewey Decimal Classification     GRACE BIBLE COLLEGE GRACE BIBLE COLLEGE Bible 2017-03-01   225.5954 PAI 014111 2025-05-01 c.2 2017-03-01 Reference Books
    Dewey Decimal Classification     GRACE BIBLE COLLEGE GRACE BIBLE COLLEGE Bible 2017-03-01   225.5954 PAI 014112 2025-05-01 c.3 2017-03-01 Reference Books
    Dewey Decimal Classification     GRACE BIBLE COLLEGE GRACE BIBLE COLLEGE Bible 2017-03-01   225.5954 PAI 014113 2025-05-01 c.4 2017-03-01 Reference Books
    Dewey Decimal Classification     GRACE BIBLE COLLEGE GRACE BIBLE COLLEGE Bible 2017-03-01   225.5954 PAI 014114 2025-05-01 c.5 2017-03-01 Reference Books
© Grace Bible College Library 2025